000 00504nam a2200193Ia 4500
005 20250312045230.0
008 240331s9999 xx 000 0 und d
020 _a0415053730
082 _a301.01
_bYOU
_25439
100 _aYoung, R. J. C
245 0 _aColonial Desires:
_bHybridity in Theory, Culture and Race
260 _aNew York;
_aLondon,
_bRoutledge
_c1995
300 _axiii, 236 p., (C II)
650 _aColonialism
650 _aCulture
650 _aRace
650 _aHistory
942 _cL
999 _c1058
_d1058